Qui est mort ? - XXème siècle #2 - Statistiques

Statistiques générales
  • Ce quiz a été pris 134 fois
  • Le résultat moyen est 6 sur 10
Statistiques - réponses
Hint Réponse % Correct
Cette femme britannique décède suite à un accident de voiture survenu sous un pont, alors que des paparazzis la poursuivent. Diana Spencer (1961-1997)
94%
Cet artiste décède d'un œdème pulmonaire suite à une électrocution accidentelle dans sa salle de bains. Claude François (1939-1978)
86%
Ces deux amants braqueurs sont tués au volant de leur voiture par balle, par les autorités qui les poursuivent depuis des années. Contrairement à leur volonté, ils sont enterrés séparément. Bonnie et Clyde (1910-1934 et 1909-1934)
76%
Ce militant est assassiné d'une balle dans la gorge, alors qu'il discute sur le balcon d'un motel. La veille, il prononce un discours dans lequel il évoque Dieu, et le fait qu'il n'ait pas peur des menaces proférées contre lui et sa communauté. Martin Luther King Jr. (1929-1968)
68%
Ce comédien décède lors d'une virée à moto qu'il effectuait avec deux amis; il était le seul des trois à ne pas porter de casque, et décède sur le coup en se heurtant la tête. Coluche (1944-1986)
67%
Cette actrice et princesse décède d'une hémorragie cérébrale suite à un accident de voiture - voiture qu'elle conduisait, survenu dans le sud de la France. Grace Kelly (1929-1982)
55%
Ce chanteur américain décède d'une crise cardiaque. Il est retrouvé, selon la légende, sur ses toilettes. Elvis Presley (1935-1977)
54%
Cette actrice est poignardée près de 20 fois par les membres d'une « famille » de criminels, chez elle, alors qu'elle est enceinte. Avant de repartir, les tueurs inscrivent sur la porte d'entrée le mot « PIG » avec son sang. Sharon Tate (1943-1969)
39%
Cet acteur américain fan d'automobile décède du coup du lapin lors d'un accident de voiture, alors qu'il avait reçu une contravention pour excès de vitesse quelques heures auparavant. James Dean (1931-1955)
36%
Ce célèbre criminel américain décède sur la chaise électrique, et plusieurs centaines de personnes, notamment la presse, sont présentes devant sa prison pour célébrer son décès. Ted Bundy (1946-1989)
13%
Aucun quiz correspondant
Distribution des résultats
% des personnes avec chaque résultat
Percentile par nombre de réponses
Votre historique - résultats
Vous n’avez pas pris ce quiz